Učebnica ruskej konverzácie : príručka ku gramokurzom ĽKR /
Uloženo v:
| Hlavní autoři: | , |
|---|---|
| Další autoři: | |
| Médium: | Kniha |
| Jazyk: | slovenština |
| Vydáno: |
Bratislava :
Obzor,
1965
|
| Vydání: | [1. vyd.] |
| On-line přístup: |
|
| Tagy: |
Přidat tag
Žádné tagy, Buďte první, kdo vytvoří štítek k tomuto záznamu!
|
MARC
| LEADER | 00000cam a2200000 4500 | ||
|---|---|---|---|
| 003 | SK-BrCVT | ||
| 005 | 20220621163132.0 | ||
| 008 | 070711s1965 cs e ||||||slo d | ||
| 035 | |a CVTIDW1419350 | ||
| 040 | |b slo |a CVTI SR |e AACR2 | ||
| 041 | 0 | |a slo | |
| 044 | |a cs | ||
| 080 | |a 808.2 |2 UDC-MRF | ||
| 100 | 1 | |a Beták, Rudolf |d 1919-1986, | |
| 245 | 1 | 0 | |a Učebnica ruskej konverzácie : |b príručka ku gramokurzom ĽKR / |c Rudolf Beták, Uľjana Fecaninová, Helena Gondorová |
| 250 | |a [1. vyd.] | ||
| 260 | |a Bratislava : |b Obzor, |c 1965 | ||
| 300 | |a 218 s. : |b lit. ; | ||
| 700 | 1 | |a Fecaninová, Uľjana |d 1922-, |4 aut | |
| 700 | 1 | |a Gondorová, Helena | |
| 910 | |b A185611 | ||
| 974 | |f Knihy | ||
| 992 | |a AUC | ||
| 992 | |a APP | ||
| 999 | |c 154766 |d 154766 | ||